Complex effects in large eddy simulations

Αποθηκεύτηκε σε:
Λεπτομέρειες βιβλιογραφικής εγγραφής
Άλλοι συγγραφείς: Κασσινός, Σταύρος Κ. (Επιμελητής έκδοσης)
Μορφή: Βιβλίο
Γλώσσα:English
Δημοσίευση: Berlin ; New York : Springer, c2007.
Σειρά:Lecture notes in computational science and engineering ; 56
Θέματα:
Ετικέτες: Προσθήκη ετικέτας
Δεν υπάρχουν, Καταχωρήστε ετικέτα πρώτοι!

MARC

LEADER 00000cam a2200000 i 4500
001 1/52152
008 070822s2007####gw | ||| |||| ||eng||
020 |a 9783540342335 
020 |a 3540342338 
035 |l 10089923 
040 |a GR-MyUA  |b gre  |e AACR2 
041 0 |a eng 
082 0 |a 620.1064   |2 (22) 
245 1 0 |a Complex effects in large eddy simulations /   |c Stavros C. Kassinos ... [κ. ά.] (eds).  
260 |a Berlin ;   |a New York :   |b Springer,   |c c2007. 
300 |a xi, 439 σ. :   |b εικ. ;   |c 24 εκ.  
490 1 |a (Lecture notes in computational science and engineering   |v ; 56) 
500 |a "Inspired by contributions that were originally presented at the symposium on complex effects in large eddy simulation held in Lemesos (Limassol), Cyprus, between September 21st and 24th, 2005"--Pref. 
504 |a Περιλαμβάνει βιβλιογραφικές παραπομπές 
650 0 0 |a Eddies  |x Mathematical models. 
650 0 0 |a Turbulence  |x Mathematical models. 
700 1 |a Κασσινός, Σταύρος Κ.  |e edt 
830 0 |a Lecture notes in computational science and engineering ;  |v  56 
852 |a INST  |b SAMOS  |e 20070822  |h 620.1064 COM  |p 005300028490  |q 005300028490  |t BK  |y 0 
901 |a BIBL3-2007-2 
909 |a Σ  |b 137122 
922 |a 3ΕΛΗ  |b 200707  |c ΕΠΕΑΕΚ2/ΤΜΗΜΑ ΜΑΘΗΜΑΤΙΚΩΝ  |d ΠΑΠΑΣΩΤΗΡΙΟΥ 
970 |a ΡΟΥΣΣΟΥ  |b ΚΩΝΣΤΑΝΤΙΝΑ  |z 2007/08/22